| 000 | 01176nam a2200325 i 4500 | ||
|---|---|---|---|
| 001 | 000040895 | ||
| 003 | DO-SdBNP | ||
| 005 | 20241021092710.0 | ||
| 007 | ta | ||
| 008 | 130911s1921 dr ab r 000 0 spa d | ||
| 040 |
_aDO-SdBNP _bspa _cBNPHU _erda |
||
| 082 | 4 |
_a972.93 _bM163f _222 |
|
| 100 | 1 |
_aMcLean, James J., _967328 _eautor _4aut. |
|
| 245 | 1 | 0 |
_aDatos históricos sobre la frontera domínico-haitiana / _cJames J. McLean, T. Pina Chevalier. |
| 264 | 4 |
_aSanto Domingo : _beditor no identificado, _c1921. |
|
| 300 |
_av., 197 páginas : _bilustraciones, mapas ; _c18 cm. |
||
| 336 |
_atexto _btxt _2rdacontent |
||
| 337 |
_asin mediación _bn _2rdamedia |
||
| 338 |
_avolumen _bnc _2rdacarrier |
||
| 590 | _aInventariado, 2018/BT | ||
| 651 | 4 |
_aHaití _xHistoria _98418 |
|
| 651 | 4 |
_aHaití _xIncidentes Fronterizos _98408 |
|
| 651 | 4 |
_aHaití _xLímites _xHistoria _967329 |
|
| 651 | 4 |
_aRepública Dominicana _xHistoria _9170 |
|
| 651 | 4 |
_aRepública Dominicana _xIncidentes Fronterizos _98407 |
|
| 651 | 4 |
_aRepública Dominicana _xLímites _xHistoria _945694 |
|
| 700 | 1 | 2 |
_aPina Chevalier, T. _99546 |
| 910 | _aValidado. Control de calidad. MMOLINA | ||
| 942 |
_2ddc _cLBS1 |
||
| 999 |
_c40385 _d40385 |
||